Antoine Charles du Houx, baron de Vioménil, papers, (Record no. 42427)

MARC details
000 -LEADER
fixed length control field 01753cpcaa22003377a 4500
001 - CONTROL NUMBER
control field mm 80002050
003 - CONTROL NUMBER IDENTIFIER
control field DLC
005 - DATE AND TIME OF LATEST TRANSACTION
control field 20260227111658.0
008 - FIXED-LENGTH DATA ELEMENTS--GENERAL INFORMATION
fixed length control field 800115|||||||||||| fre
010 ## - LIBRARY OF CONGRESS CONTROL NUMBER
LC control number mm 80002050
040 ## - CATALOGING SOURCE
Original cataloging agency DLC
Transcribing agency DLC
Modifying agency DLC
Description conventions dacs
041 1# - LANGUAGE CODE
Language code of text/sound track or separate title fre
-- eng
072 #7 - SUBJECT CATEGORY CODE
Subject category code C
Source lcmd
100 1# - MAIN ENTRY--PERSONAL NAME
Personal name Vioménil, Antoine Charles du Houx,
Titles and words associated with a name baron de,
Dates associated with a name 1728-1792.
245 00 - TITLE STATEMENT
Title Antoine Charles du Houx, baron de Vioménil, papers,
Inclusive dates circa 1780-1783.
300 ## - PHYSICAL DESCRIPTION
Extent 7
Type of unit items.
506 0# - RESTRICTIONS ON ACCESS NOTE
Terms governing access Open to research.
520 8# - SUMMARY, ETC.
Summary, etc. Photocopies and transcripts of letters from Vioménil to Louis-Henri-Joseph de Bourbon, prince de Condé; Juste-Antoine-Henri-Marie-Germaine, marquis de Rostaing; and others concerning French participation in the American Revolution and the prospects for French officers upon their return to France.
533 ## - REPRODUCTION NOTE
Type of reproduction In part, positive and negative photocopies and typewritten transcripts made from originals in possesion of Walter B, Beals,
Date of reproduction 1935.
545 0# - BIOGRAPHICAL OR HISTORICAL DATA
Biographical or historical data French army officer.
546 ## - LANGUAGE NOTE
Language note Collection material in French, with English translations.
580 ## - LINKING ENTRY COMPLEXITY NOTE
Linking entry complexity note Forms part of: Miscellaneous Manuscripts collection.
600 10 - SUBJECT ADDED ENTRY--PERSONAL NAME
Personal name Condé, Louis-Henri-Joseph de Bourbon,
Titles and other words associated with a name prince de,
Dates associated with a name 1756-1830
Form subdivision Correspondence.
600 10 - SUBJECT ADDED ENTRY--PERSONAL NAME
Personal name Rostaing, Juste-Antoine-Henri-Marie-Germaine,
Titles and other words associated with a name marquis de
Form subdivision Correspondence.
610 10 - SUBJECT ADDED ENTRY--CORPORATE NAME
Corporate name or jurisdiction name as entry element France.
Subordinate unit Armée
General subdivision Officers.
651 #0 - SUBJECT ADDED ENTRY--GEOGRAPHIC NAME
Geographic name France
General subdivision History, Military
Chronological subdivision 18th century.
651 #0 - SUBJECT ADDED ENTRY--GEOGRAPHIC NAME
Geographic name United States
General subdivision History
Chronological subdivision Revolution, 1775-1783
General subdivision Participation, French.
656 #7 - INDEX TERM--OCCUPATION
Occupation Army officers, French.
Source of term itoamc

No items available.

Powered by Koha